| 000 | 01260nam a2200229Ia 4500 | ||
|---|---|---|---|
| 001 | L239-11594 | ||
| 003 | IT-CnALBA | ||
| 008 | 170116s9999||||xx |||||||||||||| ||und|| | ||
| 040 |
_aIT-CnALBA _cIT-CnALBA |
||
| 041 | _aITALIANO | ||
| 100 | _aPESCH CRISTIANO, SJ. | ||
| 245 | 0 | _aFEDE DOGMI E FATTI STORICI. STUDIO SULLE DOTTRINE MODERNISTE | |
| 250 | _a1a ed. | ||
| 260 |
_aROMA - RATISBONA _bPUNTET FED. LIBR. PONT. _c1909 [1° Ed.:1909 - Ed.Ling.Originale: 1909] |
||
| 300 | _a246 p. (prefazione: 3) | ||
| 500 | _aTRADUZIONE DAL TEDESCO E CURATORE V. MANNUCCI. INDICE ONOMASTICO. DOTTRINA DEL VATICANO I SULL'ATTO DI FEDE. ATTO DELL'INTELLETTO E DELLA VOLONTÀ. MORALMENTE BUONO, SOPRANNATURALE. POSSIBILE SOLO CON L'AIUTO DELLA GRAZIA. FEDE FONDATA SUI FATTI STORICI. A | ||
| 501 | _aSocietà San Paolo EM - Piazza San Paolo, 14 - 12051 ALBA (CN) (non commercial uses only) ® Copyright 2017 | ||
| 520 | _aTRADUZIONE DAL TEDESCO E CURATORE V. MANNUCCI. INDICE ONOMASTICO. DOTTRINA DEL VATICANO I SULL'ATTO DI FEDE. ATTO DELL'INTELLETTO E DELLA VOLONTÀ. MORALMENTE BUONO, SOPRANNATURALE. POSSIBILE SOLO CON L'AIUTO DELLA GRAZIA. FEDE FONDATA SUI FATTI STORICI. A | ||
| 650 | _aAPOLOGETICA E CONTROVERSIE | ||
| 942 | _cBK | ||
| 957 | _71 | ||
| 999 |
_a16347 _bSI _g Copie: 1 _c270771 _d270771 |
||